Schaum's Outline Of Theory And Problems Of Operations Management (Record no. 926)

MARC details
000 -LEADER
fixed length control field 00349nam a22001337a 4500
041 ## - LANGUAGE CODE
Language code of text/sound track or separate title ENG
100 ## - MAIN ENTRY--PERSONAL NAME
Personal name Joseph.G
245 ## - TITLE STATEMENT
Title Schaum's Outline Of Theory And Problems Of Operations Management
250 ## - EDITION STATEMENT
Edition statement Second ED
260 ## - PUBLICATION, DISTRIBUTION, ETC. (IMPRINT)
Place of publication, distribution, etc Delhi
Name of publisher, distributor, etc Tata Mcgraw -Hill
Date of publication, distribution, etc 1995
300 ## - PHYSICAL DESCRIPTION
Extent 429
650 ## - SUBJECT ADDED ENTRY--TOPICAL TERM
Topical term or geographic name as entry element Competitlve Exam
856 ## - ELECTRONIC LOCATION AND ACCESS
Uniform Resource Identifier Competitlve Exam ( 36 )
Holdings
Withdrawn status Lost status Source of classification or shelving scheme Damaged status Not for loan Home library Current library Shelving location Date acquired Total Checkouts Barcode Date last seen Price effective from Koha item type
    Dewey Decimal Classification     College of Agricultural Engineering and Technology, Dapoli , Library College of Agricultural Engineering and Technology, Dapoli , Library Book Cart 08/09/2021   004967 08/09/2021 08/09/2021 Books
    Dewey Decimal Classification     College of Agricultural Engineering and Technology, Dapoli , Library College of Agricultural Engineering and Technology, Dapoli , Library Book Cart 08/09/2021   004968 08/09/2021 08/09/2021 Books

Contact Us: College of Agricultural Engineering and Technology, Dapoli, Dist.- Ratnagiri
Website: https://dbskkv.org Email: caetlibrary2015@gmail.com